<?xml version="1.0" encoding="UTF-8"?><?xml-stylesheet type="text/xsl" href="static/style.xsl"?><OAI-PMH xmlns="http://www.openarchives.org/OAI/2.0/" xmlns:xsi="http://www.w3.org/2001/XMLSchema-instance" xsi:schemaLocation="http://www.openarchives.org/OAI/2.0/ http://www.openarchives.org/OAI/2.0/OAI-PMH.xsd"><responseDate>2026-04-26T21:59:15Z</responseDate><request verb="GetRecord" identifier="oai:uvadoc.uva.es:10324/84196" metadataPrefix="marc">https://uvadoc.uva.es/oai/request</request><GetRecord><record><header><identifier>oai:uvadoc.uva.es:10324/84196</identifier><datestamp>2026-04-20T19:01:44Z</datestamp><setSpec>com_10324_1145</setSpec><setSpec>com_10324_931</setSpec><setSpec>com_10324_894</setSpec><setSpec>col_10324_1254</setSpec></header><metadata><record xmlns="http://www.loc.gov/MARC21/slim" xmlns:doc="http://www.lyncode.com/xoai" xmlns:xsi="http://www.w3.org/2001/XMLSchema-instance" xmlns:dcterms="http://purl.org/dc/terms/" xsi:schemaLocation="http://www.loc.gov/MARC21/slim http://www.loc.gov/standards/marcxml/schema/MARC21slim.xsd">
<leader>00925njm 22002777a 4500</leader>
<datafield tag="042" ind1=" " ind2=" ">
<subfield code="a">dc</subfield>
</datafield>
<datafield tag="720" ind1=" " ind2=" ">
<subfield code="a">Ramos-Truchero, Guadalupe</subfield>
<subfield code="e">author</subfield>
</datafield>
<datafield tag="720" ind1=" " ind2=" ">
<subfield code="a">Eugenio-Gozalbo, Marcia</subfield>
<subfield code="e">author</subfield>
</datafield>
<datafield tag="720" ind1=" " ind2=" ">
<subfield code="a">Estrada-Vidal, Ligia Isabel</subfield>
<subfield code="e">author</subfield>
</datafield>
<datafield tag="260" ind1=" " ind2=" ">
<subfield code="c">2026</subfield>
</datafield>
<datafield tag="520" ind1=" " ind2=" ">
<subfield code="a">Purpose-University gardens are innovative educational spaces that facilitate posing&#xd;
topics relevant to civic education, such as healthy and sustainable eating. This work aims&#xd;
to provide reliable quantitative tools to assess learning about sustainable food practices&#xd;
after garden-based interventions within higher education.&#xd;
Design/methodology/approach-Based on their previous qualitative research on learning&#xd;
promoted by garden-basedinterventions, the researchers designed two Likert-scale&#xd;
questionnaires. The first is the "Growing Food Habits_Purchase" (GFH_P) scale, which&#xd;
informs on the habits or profiles of people who can make food purchasing decisions. The&#xd;
second is the “Growing Food Habits_Intake” (GFH_I) scale, which informs on the habits&#xd;
or profiles of people regarding food consumption (diet).&#xd;
Findings- After validation, GFH_P consists of 14 items in four dimensions (reliability&#xd;
through McDonald’ ω = 0.721; Total Variance Explained = 52.97%), and GFH_I consists&#xd;
of 12 items in four dimensions (ω = 0.872; TVE = 60.699%). These two scales constitute&#xd;
valuable tools for applying before and after educational interventions at university&#xd;
gardens to assess progress in food purchasing and intake habits. Their use can&#xd;
demonstrate the actual contribution of garden-based learning to the transition toward&#xd;
more sustainable diets that is key to transforming the food system.&#xd;
Originality- This work responds to the need for quantitative instruments that allow for a&#xd;
rigorous evaluation of the academic impacts of garden-based learning. To date, there were&#xd;
no validated questionnaires to assess the educational impact of gardens as teachinglearning&#xd;
environments for food education.</subfield>
</datafield>
<datafield tag="024" ind2=" " ind1="8">
<subfield code="a">International Journal of Sustainability in Higher Education, April 2026</subfield>
</datafield>
<datafield tag="024" ind2=" " ind1="8">
<subfield code="a">https://uvadoc.uva.es/handle/10324/84196</subfield>
</datafield>
<datafield tag="024" ind2=" " ind1="8">
<subfield code="a">10.1108/IJSHE-07-2025-0651</subfield>
</datafield>
<datafield tag="024" ind2=" " ind1="8">
<subfield code="a">Validating scales to assess learning about sustainable food through university gardens</subfield>
</datafield>
<datafield tag="245" ind1="0" ind2="0">
<subfield code="a">Validating scales to assess learning about sustainable food through university gardens</subfield>
</datafield>
</record></metadata></record></GetRecord></OAI-PMH>